000 01082nam a2200181Ia 4500
999 _c44987
_d44987
001 11808
003 GE_BSU
005 20240628155743.0
008 181216s2011||||ge |||||||||||||| ||geo||
040 _cGE_BSU
080 _a342.7 ს-15
245 _aსაერთაშორისო სტანდარტები არასრულწლოვანთა მართლმსაჯულების სფეროში /
_cგაეროს ბავშვთა ფონდის საქართველოს წარმომადგენლობა.
264 _aთბილისი :
_b[გ.გ],
_c2011.
300 _a93 გვ. ;
_c30 სმ.
500 _a დაიბეჭდა ევროკავშირის მიერ დაფინანსებული პროექტის ფარგლებში
653 _aსაერთაშორისო სტანდარტები არასრულწლოვანთა მართლმსაჯულების სფეროში.
942 _cBK
_2udc